[Event "Silkway Cup"]
[Site "T#646345FIDE"]
[Date "2020.05.28"]
[Round "15"]
[White "Gb_23"]
[Black "Belusi"]
[Result "1/2-1/2"]
[WhiteElo "1742"]
[BlackElo "2350"]
[Annotator "NA"]
[PlyCount "86"]
[EventDate "2020.05.28"]
[EventType "swiss (blitz)"]

1. c4 {[%emt 0:00:01]} c5 {[%emt 0:00:04]} 2. Nf3 {[%emt 0:00:01]} g6 {[%emt 0:00:04]} 3. d4 {[%emt 0:00:01]} cxd4 {[%emt 0:00:02]} 4. Nxd4 {[%emt 0:00:00]} Bg7 {[%emt 0:00:01]} 5. e4 {[%emt 0:00:01]} Nc6 {[%emt 0:00:02]} 6. Be3 {[%emt 0:00:01]} Nf6 {[%emt 0:00:25]} 7. Nc3 {[%emt 0:00:02]} O-O {[%emt 0:00:03]} 8. Be2 {[%emt 0:00:02]} d6 {[%emt 0:00:03]} 9. f3 {[%emt 0:00:06]} Bd7 {[%emt 0:00:08]} 10. Qd2 {[%emt 0:00:08]} Nxd4 {[%emt 0:00:02]} 11. Bxd4 {[%emt 0:00:01]} Bc6 {[%emt 0:00:01]} 12. O-O {[%emt 0:00:01]} Nd7 {[%emt 0:00:04]} 13. Be3 {[%emt 0:00:01]} a5 {[%emt 0:00:17]} 14. b3 {[%emt 0:00:01]} Nc5 {[%emt 0:00:10]} 15. Bd1 {[%emt 0:00:17]} b6 {[%emt 0:00:05]} 16. Bc2 {[%emt 0:00:04]} Qc7 {[%emt 0:00:03]} 17. Rad1 {[%emt 0:00:11]} Qb7 {[%emt 0:00:01]} 18. Rfe1 {[%emt 0:00:06]} Rfc8 {[%emt 0:00:04]} 19. a4 {[%emt 0:00:21]} Qd7 {[%emt 0:00:11]} 20. Nd5 {[%emt 0:00:10]} Bxd5 {[%emt 0:00:03]} 21. exd5 {[%emt 0:00:00]} Re8 {[%emt 0:00:06]} 22. Bd4 {[%emt 0:00:10]} Bxd4+ {[%emt 0:00:07]} 23. Qxd4 {[%emt 0:00:00]} Qc7 {[%emt 0:00:04]} 24. Re2 {[%emt 0:00:10]} Nd7 {[%emt 0:00:32]} 25. Rde1 {[%emt 0:00:03]} Nf8 {[%emt 0:00:06]} 26. h4 {[%emt 0:00:08]} Ra7 {[%emt 0:00:07]} 27. h5 {[%emt 0:00:04]} Qc5 {[%emt 0:00:02]} 28. Qf2 {[%emt 0:00:16]} Kg7 {[%emt 0:00:06]} 29. Kf1 {[%emt 0:00:09]} Qxf2+ {[%emt 0:00:02]} 30. Kxf2 {[%emt 0:00:00]} Kf6 {[%emt 0:00:13]} 31. g4 {[%emt 0:00:05]} gxh5 {[%emt 0:00:20]} 32. gxh5 {[%emt 0:00:02]} h6 {[%emt 0:00:03]} 33. Rg1 {[%emt 0:00:03]} Nd7 {[%emt 0:00:01]} 34. f4 {[%emt 0:00:03]} Raa8 {[%emt 0:00:02]} 35. Kf3 {[%emt 0:00:32]} Rg8 {[%emt 0:00:02]} 36. Reg2 {[%emt 0:00:01]} Rxg2 {[%emt 0:00:01]} 37. Rxg2 {[%emt 0:00:00]} Nc5 {[%emt 0:00:01]} 38. Rg1 {[%emt 0:00:13]} Rb8 {[%emt 0:00:02]} 39. Ke3 {[%emt 0:00:06]} Rc8 {[%emt 0:00:05]} 40. Kf3 {[%emt 0:00:12]} Rb8 {[%emt 0:00:03]} 41. Ke3 {[%emt 0:00:04]} Rc8 {[%emt 0:00:08]} 42. Kf3 {[%emt 0:00:04]} Nd7 {[%emt 0:00:02]} 43. Ke3 {[%emt 0:00:08]} Nc5 {[%emt 0:00:02] (Lag: Av=1.67s, max=7.6s)} 1/2-1/2

[Event "Silkway Cup"]
[Site "T#646345FIDE"]
[Date "2020.05.28"]
[Round "15"]
[White "S-melia"]
[Black "AbdullaKh"]
[Result "1-0"]
[WhiteElo "1705"]
[BlackElo "1518"]
[Annotator "NA"]
[PlyCount "57"]
[EventDate "2020.05.28"]
[EventType "swiss (blitz)"]

1. e4 {[%emt 0:00:02]} c5 {[%emt 0:00:04]} 2. Nf3 {[%emt 0:00:02]} e6 {[%emt 0:00:01]} 3. d4 {[%emt 0:00:02]} d5 {[%emt 0:00:01]} 4. exd5 {[%emt 0:00:06]} exd5 {[%emt 0:00:01]} 5. Bb5+ {[%emt 0:00:02]} Nc6 {[%emt 0:00:01]} 6. O-O {[%emt 0:00:03]} Bd6 {[%emt 0:00:03]} 7. dxc5 {[%emt 0:00:02]} Bxc5 {[%emt 0:00:00]} 8. Nbd2 {[%emt 0:00:08]} Nge7 {[%emt 0:00:01]} 9. Nb3 {[%emt 0:00:01]} Bb6 {[%emt 0:00:01]} 10. Re1 {[%emt 0:00:09]} O-O {[%emt 0:00:06]} 11. Be3 {[%emt 0:00:02]} a6 {[%emt 0:00:34]} 12. Bd3 {[%emt 0:00:10]} Bc7 {[%emt 0:00:09]} 13. Bc5 {[%emt 0:00:34]} b6 {[%emt 0:00:13]} 14. Ba3 {[%emt 0:00:02]} Re8 {[%emt 0:00:56]} 15. Ng5 {[%emt 0:00:02]} h6 {[%emt 0:00:40]} 16. Qh5 {[%emt 0:00:03]} Rf8 {[%emt 0:00:11]} 17. Bh7+ {[%emt 0:00:21]} Kh8 {[%emt 0:00:01]} 18. Nxf7+ {[%emt 0:00:04]} Rxf7 {[%emt 0:00:01]} 19. Qxf7 {[%emt 0:00:01]} Kxh7 {[%emt 0:00:01]} 20. Bxe7 {[%emt 0:00:03]} Qd7 {[%emt 0:00:06]} 21. Rad1 {[%emt 0:00:28]} Ra7 {[%emt 0:00:11]} 22. Rxd5 {[%emt 0:00:57]} Qg4 {[%emt 0:00:01]} 23. h3 {[%emt 0:00:03]} Qc4 {[%emt 0:00:10]} 24. Nd2 {[%emt 0:00:06]} Qxc2 {[%emt 0:00:08]} 25. Nf3 {[%emt 0:00:01]} Nxe7 {[%emt 0:00:03]} 26. Rxe7 {[%emt 0:00:04]} Qc1+ {[%emt 0:00:04]} 27. Ne1 {[%emt 0:00:05]} Bh2+ {[%emt 0:00:02]} 28. Kxh2 {[%emt 0:00:02]} Qxe1 {[%emt 0:00:03]} 29. Qxg7# {[%emt 0:00:02] (Lag: Av=0.79s, max=4.4s)} 1-0

[Event "Silkway Cup"]
[Site "T#646345FIDE"]
[Date "2020.05.28"]
[Round "15"]
[White "Ulka96"]
[Black "Powerstrong"]
[Result "0-1"]
[WhiteElo "1692"]
[BlackElo "1696"]
[Annotator "NA"]
[PlyCount "52"]
[EventDate "2020.05.28"]
[EventType "swiss (blitz)"]

1. e4 {[%emt 0:00:03]} c5 {[%emt 0:00:02]} 2. Nf3 {[%emt 0:00:01]} e6 {[%emt 0:00:03]} 3. d4 {[%emt 0:00:02]} cxd4 {[%emt 0:00:01]} 4. Nxd4 {[%emt 0:00:01]} Nf6 {[%emt 0:00:02]} 5. Nc3 {[%emt 0:00:01]} d6 {[%emt 0:00:01]} 6. Bd3 {[%emt 0:00:06]} Nc6 {[%emt 0:00:03]} 7. Be3 {[%emt 0:00:13]} Be7 {[%emt 0:00:03]} 8. O-O {[%emt 0:00:01]} O-O {[%emt 0:00:01]} 9. h3 {[%emt 0:00:04]} Bd7 {[%emt 0:00:02]} 10. Kh1 {[%emt 0:00:05]} Rc8 {[%emt 0:00:01]} 11. f4 {[%emt 0:00:02]} e5 {[%emt 0:00:27]} 12. Nxc6 {[%emt 0:00:10]} Bxc6 {[%emt 0:00:02]} 13. f5 {[%emt 0:00:21]} b5 {[%emt 0:00:14]} 14. a3 {[%emt 0:00:04]} a5 {[%emt 0:00:02]} 15. Bg5 {[%emt 0:00:06]} Nxe4 {[%emt 0:00:15]} 16. Bxe7 {[%emt 0:00:23]} Ng3+ {[%emt 0:00:02]} 17. Kg1 {[%emt 0:00:03]} Qxe7 {[%emt 0:00:02]} 18. f6 {[%emt 0:00:02]} Qa7+ {[%emt 0:00:18]} 19. Rf2 {[%emt 0:00:01]} Nh1 {[%emt 0:00:04]} 20. Bxh7+ {[%emt 0:01:27]} Kxh7 {[%emt 0:00:07]} 21. Qh5+ {[%emt 0:00:03]} Kg8 {[%emt 0:00:01]} 22. Nd1 {[%emt 0:00:02]} Nxf2 {[%emt 0:00:05]} 23. Nxf2 {[%emt 0:00:02]} Be4 {[%emt 0:00:13]} 24. fxg7 {[%emt 0:00:18]} Kxg7 {[%emt 0:00:02]} 25. Qg4+ {[%emt 0:00:04]} Bg6 {[%emt 0:00:02]} 26. Rf1 {[%emt 0:00:01]} Rxc2 {[%emt 0:00:02] Ulka96 resigns (Lag: Av=0.53s, max=0.9s)} 0-1

[Event "Silkway Cup"]
[Site "T#646345FIDE"]
[Date "2020.05.28"]
[Round "15"]
[White "Sandrika"]
[Black "Diana lomaia"]
[Result "0-1"]
[WhiteElo "1638"]
[BlackElo "1477"]
[Annotator "NA"]
[PlyCount "108"]
[EventDate "2020.05.28"]
[EventType "swiss (blitz)"]

1. d4 {[%emt 0:00:03]} d5 {[%emt 0:00:01]} 2. Nf3 {[%emt 0:00:01]} c5 {[%emt 0:00:01]} 3. e3 {[%emt 0:00:03]} Nf6 {[%emt 0:00:03]} 4. Bb5+ {[%emt 0:00:06]} Bd7 {[%emt 0:00:03]} 5. Be2 {[%emt 0:00:03]} Nc6 {[%emt 0:00:08]} 6. O-O {[%emt 0:00:01]} Bf5 {[%emt 0:00:02]} 7. c4 {[%emt 0:00:13]} e6 {[%emt 0:00:07]} 8. cxd5 {[%emt 0:00:03]} Nxd5 {[%emt 0:00:09]} 9. Nc3 {[%emt 0:00:01]} cxd4 {[%emt 0:00:10]} 10. Nxd4 {[%emt 0:00:20]} Nxc3 {[%emt 0:00:08]} 11. bxc3 {[%emt 0:00:02]} Be4 {[%emt 0:00:07]} 12. f3 {[%emt 0:00:06]} Nxd4 {[%emt 0:00:10]} 13. cxd4 {[%emt 0:00:02]} Bc6 {[%emt 0:00:02]} 14. e4 {[%emt 0:00:05]} Be7 {[%emt 0:00:03]} 15. Be3 {[%emt 0:00:05]} O-O {[%emt 0:00:02]} 16. Qb3 {[%emt 0:00:03]} Bg5 {[%emt 0:00:08]} 17. Bf2 {[%emt 0:00:03]} Qe7 {[%emt 0:00:08]} 18. a4 {[%emt 0:00:11]} Rfd8 {[%emt 0:00:03]} 19. Rfd1 {[%emt 0:00:05]} Bf4 {[%emt 0:00:22]} 20. g3 {[%emt 0:00:10]} Bc7 {[%emt 0:00:02]} 21. Bf1 {[%emt 0:00:07]} h5 {[%emt 0:00:07]} 22. h4 {[%emt 0:00:07]} g5 {[%emt 0:00:09]} 23. hxg5 {[%emt 0:00:18]} Qxg5 {[%emt 0:00:03]} 24. Kg2 {[%emt 0:00:21]} h4 {[%emt 0:00:08]} 25. Qe3 {[%emt 0:00:11]} Qxe3 {[%emt 0:00:36]} 26. Bxe3 {[%emt 0:00:01]} Bxg3 {[%emt 0:00:01]} 27. Bb5 {[%emt 0:00:09]} Rac8 {[%emt 0:00:05]} 28. Rac1 {[%emt 0:00:03]} Be8 {[%emt 0:00:20]} 29. f4 {[%emt 0:00:16]} a6 {[%emt 0:00:11]} 30. Bxe8 {[%emt 0:00:02]} Rxe8 {[%emt 0:00:02]} 31. Rc5 {[%emt 0:00:05]} b6 {[%emt 0:00:05]} 32. Rcc1 {[%emt 0:00:02]} Red8 {[%emt 0:00:02]} 33. Kf3 {[%emt 0:00:04]} Kf8 {[%emt 0:00:02]} 34. Rxc8 {[%emt 0:00:15]} Rxc8 {[%emt 0:00:01]} 35. Rd3 {[%emt 0:00:02]} Rc4 {[%emt 0:00:05]} 36. Rb3 {[%emt 0:00:02]} Rxa4 {[%emt 0:00:03]} 37. Rxb6 {[%emt 0:00:01]} Ra3 {[%emt 0:00:01]} 38. d5 {[%emt 0:00:04]} exd5 {[%emt 0:00:03]} 39. exd5 {[%emt 0:00:01]} Ke8 {[%emt 0:00:03]} 40. Ke4 {[%emt 0:00:03]} h3 {[%emt 0:00:02]} 41. Rh6 {[%emt 0:00:04]} h2 {[%emt 0:00:02]} 42. Kf3 {[%emt 0:00:02]} Ra1 {[%emt 0:00:02]} 43. Kg2 {[%emt 0:00:07]} Re1 {[%emt 0:00:02]} 44. Bc5 {[%emt 0:00:04]} Rc1 {[%emt 0:00:04]} 45. Be3 {[%emt 0:00:02]} Re1 {[%emt 0:00:03]} 46. Bc5 {[%emt 0:00:02]} Bxf4 {[%emt 0:00:01]} 47. d6 {[%emt 0:00:02]} Kd7 {[%emt 0:00:02]} 48. Rh7 {[%emt 0:00:02]} Ke6 {[%emt 0:00:05]} 49. d7 {[%emt 0:00:03]} Kxd7 {[%emt 0:00:01]} 50. Rxf7+ {[%emt 0:00:01]} Kc6 {[%emt 0:00:01]} 51. Rh7 {[%emt 0:00:03]} Kxc5 {[%emt 0:00:02]} 52. Rh5+ {[%emt 0:00:04]} Kb4 {[%emt 0:00:01]} 53. Rh4 {[%emt 0:00:01]} Rg1+ {[%emt 0:00:01]} 54. Kf3 {[%emt 0:00:02]} h1=Q+ {[%emt 0:00:01] Sandrika resigns (Lag: Av=1.49s, max=5.8s)} 0-1

[Event "Silkway Cup"]
[Site "T#646345FIDE"]
[Date "2020.05.28"]
[Round "15"]
[White "Moonlightbae"]
[Black "KTsa"]
[Result "0-1"]
[WhiteElo "1516"]
[BlackElo "1744"]
[Annotator "NA"]
[PlyCount "58"]
[EventDate "2020.05.28"]
[EventType "swiss (blitz)"]

1. d4 {[%emt 0:00:02]} Nf6 {[%emt 0:00:02]} 2. c4 {[%emt 0:00:04]} e6 {[%emt 0:00:03]} 3. Nf3 {[%emt 0:00:01]} b6 {[%emt 0:00:02]} 4. Nc3 {[%emt 0:00:01]} Bb7 {[%emt 0:00:03]} 5. Bg5 {[%emt 0:00:02]} d5 {[%emt 0:00:01]} 6. e3 {[%emt 0:00:01]} Be7 {[%emt 0:00:02]} 7. Rc1 {[%emt 0:00:03]} c6 {[%emt 0:00:03]} 8. Bd3 {[%emt 0:00:02]} O-O {[%emt 0:00:02]} 9. O-O {[%emt 0:00:01]} h6 {[%emt 0:00:01]} 10. Bh4 {[%emt 0:00:02]} Nbd7 {[%emt 0:00:02]} 11. b3 {[%emt 0:00:08]} Rc8 {[%emt 0:00:04]} 12. Bb1 {[%emt 0:00:01]} Re8 {[%emt 0:00:04]} 13. Qc2 {[%emt 0:00:02]} dxc4 {[%emt 0:00:13]} 14. bxc4 {[%emt 0:00:01]} c5 {[%emt 0:00:03]} 15. d5 {[%emt 0:00:14]} exd5 {[%emt 0:00:07]} 16. cxd5 {[%emt 0:00:08]} Nf8 {[%emt 0:00:02]} 17. e4 {[%emt 0:00:13]} Nxd5 {[%emt 0:00:18]} 18. exd5 {[%emt 0:00:52]} Bxh4 {[%emt 0:00:02]} 19. d6 {[%emt 0:00:09]} Bxf3 {[%emt 0:00:17]} 20. gxf3 {[%emt 0:00:34]} Qxd6 {[%emt 0:00:03]} 21. Nb5 {[%emt 0:00:11]} Qf4 {[%emt 0:00:06]} 22. Rfd1 {[%emt 0:00:32]} Rcd8 {[%emt 0:00:19]} 23. Nxa7 {[%emt 0:00:18]} Qxf3 {[%emt 0:00:08]} 24. Rxd8 {[%emt 0:00:02]} Rxd8 {[%emt 0:00:03]} 25. Qe4 {[%emt 0:00:02]} Qxf2+ {[%emt 0:00:10]} 26. Kh1 {[%emt 0:00:01]} Bg5 {[%emt 0:00:01]} 27. Rg1 {[%emt 0:00:06]} Rd2 {[%emt 0:00:13]} 28. Qe5 {[%emt 0:00:03]} Qf3+ {[%emt 0:00:10]} 29. Rg2 {[%emt 0:00:01]} Qxg2# {[%emt 0:00:01] (Lag: Av=0.67s, max=4.7s)} 0-1

[Event "Silkway Cup"]
[Site "T#646345FIDE"]
[Date "2020.05.28"]
[Round "15"]
[White "Niadongh"]
[Black "Nara_Kh"]
[Result "1-0"]
[WhiteElo "1505"]
[BlackElo "1708"]
[Annotator "NA"]
[PlyCount "99"]
[EventDate "2020.05.28"]
[EventType "swiss (blitz)"]

1. e4 {[%emt 0:00:04]} d6 {[%emt 0:00:04]} 2. d4 {[%emt 0:00:02]} Nf6 {[%emt 0:00:01]} 3. f3 {[%emt 0:00:03]} c6 {[%emt 0:00:03]} 4. c4 {[%emt 0:00:01]} Nbd7 {[%emt 0:00:10]} 5. Nc3 {[%emt 0:00:01]} e5 {[%emt 0:00:01]} 6. d5 {[%emt 0:00:06]} cxd5 {[%emt 0:00:05]} 7. cxd5 {[%emt 0:00:07]} Be7 {[%emt 0:00:11]} 8. Be3 {[%emt 0:00:01]} a6 {[%emt 0:00:02]} 9. Nh3 {[%emt 0:00:08]} h5 {[%emt 0:00:19]} 10. Nf2 {[%emt 0:00:02]} b5 {[%emt 0:00:16]} 11. a3 {[%emt 0:00:05]} h4 {[%emt 0:00:14]} 12. Be2 {[%emt 0:00:03]} g6 {[%emt 0:00:38]} 13. O-O {[%emt 0:00:17]} Nh5 {[%emt 0:00:06]} 14. Qd2 {[%emt 0:00:08]} Nc5 {[%emt 0:00:06]} 15. Bxc5 {[%emt 0:00:23]} dxc5 {[%emt 0:00:02]} 16. Nd3 {[%emt 0:00:00]} Bd6 {[%emt 0:00:03]} 17. b4 {[%emt 0:00:08]} c4 {[%emt 0:00:08]} 18. Nc5 {[%emt 0:00:01]} Bd7 {[%emt 0:00:27]} 19. Kh1 {[%emt 0:00:05]} Rc8 {[%emt 0:00:14]} 20. Nb7 {[%emt 0:00:21]} Ng3+ {[%emt 0:00:13]} 21. Kg1 {[%emt 0:00:23]} Qb6+ {[%emt 0:00:02]} 22. Rf2 {[%emt 0:00:06]} Nxe2+ {[%emt 0:00:05]} 23. Qxe2 {[%emt 0:00:09]} Qxb7 {[%emt 0:00:01]} 24. Kh1 {[%emt 0:00:12]} O-O {[%emt 0:00:04]} 25. Raf1 {[%emt 0:00:04]} Qb6 {[%emt 0:00:01]} 26. Qd2 {[%emt 0:00:02]} Qd4 {[%emt 0:00:01]} 27. Qc1 {[%emt 0:00:04]} Kg7 {[%emt 0:00:07]} 28. Ne2 {[%emt 0:00:03]} Qb6 {[%emt 0:00:01]} 29. f4 {[%emt 0:00:12]} exf4 {[%emt 0:00:10]} 30. Nxf4 {[%emt 0:00:03]} Bxf4 {[%emt 0:00:06]} 31. Qxf4 {[%emt 0:00:02]} Qd4 {[%emt 0:00:01]} 32. Qxh4 {[%emt 0:00:02]} c3 {[%emt 0:00:01]} 33. Qe7 {[%emt 0:00:20]} Qxf2 {[%emt 0:00:01]} 34. Rxf2 {[%emt 0:00:03]} c2 {[%emt 0:00:00]} 35. Qf6+ {[%emt 0:00:10]} Kg8 {[%emt 0:00:01]} 36. Rxc2 {[%emt 0:00:05]} Rxc2 {[%emt 0:00:01]} 37. h4 {[%emt 0:00:00]} Bg4 {[%emt 0:00:02]} 38. d6 {[%emt 0:00:02]} Rd2 {[%emt 0:00:02]} 39. e5 {[%emt 0:00:03]} Rd1+ {[%emt 0:00:01]} 40. Kh2 {[%emt 0:00:01]} Be6 {[%emt 0:00:01]} 41. h5 {[%emt 0:00:02]} gxh5 {[%emt 0:00:06]} 42. Qg5+ {[%emt 0:00:01]} Kh7 {[%emt 0:00:01]} 43. Qxh5+ {[%emt 0:00:01]} Kg7 {[%emt 0:00:01]} 44. Qxd1 {[%emt 0:00:01]} Kg6 {[%emt 0:00:01]} 45. Qd3+ {[%emt 0:00:03]} Kg5 {[%emt 0:00:01]} 46. Kg3 {[%emt 0:00:01]} Rd8 {[%emt 0:00:02]} 47. Qd4 {[%emt 0:00:01]} Kf5 {[%emt 0:00:01]} 48. Qf4+ {[%emt 0:00:01]} Kg6 {[%emt 0:00:01]} 49. Qf6+ {[%emt 0:00:01]} Kh7 {[%emt 0:00:01]} 50. Qxd8 {[%emt 0:00:01] Nara_Kh Ñäàåòñÿ (Lag: Av=0.34s, max=0.8s)} 1-0